000 00366nam a2200145Ia 4500
008 230917s9999||||xx |||||||||||||| ||und||
040 _e32210
_aMAIN
041 _aEnglish
082 _a355.00954 I2A
100 _aIndia, Ministry of Defence
245 0 _aAnnual report 1997-98
260 _aNew Delhi
_bMinistry of Defence
_c1999
300 _a112 p.
942 _cBK
999 _c81082
_d81082